Quelle est cette émission de téléréalité ? - Statistiques

Statistiques générales
  • Ce quiz a été pris 1 169 fois
  • Le résultat moyen est 18 sur 87
Statistiques - réponses
Année de 1ère
diffusion
Principe Titre % Correct
2001 Un nombre d'équipes variables s'opposent dans des épreuves sur des îles du bout du monde Koh Lanta
87%
2012 L'émission suit des candidats originaires de Marseille à travers le monde Les Marseillais
79%
2007 Des candidats isolés du monde détiennent un secret que les autres essayent de découvrir Secret Story
79%
2001 Des jeunes gens sont admis dans une académie afin de peaufiner leurs talents artistiques Star Academy
78%
2012 Concours de chant, les candidats sont choisis à l'aveugle The Voice
73%
2011 D'anciens candidats de la téléréalité cohabitent dans une maison à l'étranger Les Anges
69%
2002 4 couples testent leur amour face à la tentation de 22 célibataires L'île de la tentation
66%
2006 Avec 1 euro par jour des candidats doivent voyager et prendre part à des épreuves Pekin express
63%
2010 Concours de cuisine ouvert aux professionnels Top Chef
61%
2012 Grand concours de pâtisserie ouvert aux amateurs Le meilleur pâtissier
57%
2006 Des agriculteurs recherchent l'amour L(amour est dans le pré
55%
2019 12 célébrités chantent masquées, d'autres doivent les reconnaitre Mask Singer
55%
2011 Des célébrités s'affrontent dans un concours de danse Danse avec les stars
54%
2011 L'émission suit des candidats originaires du Nord-Pas-de-Calais à travers le monde Les Ch'tis
54%
2011 Un chef vient en aide à des restaurateurs Cauchemar en cuisine
52%
2001 11 célibataires vivent sous le regard des caméras 24 heures sur 24 Loft story
52%
2010 Des mères cherchent la fiancée de leurs fils Qui veut épouser mon fils ?
51%
2015 Des candidats viennent apprendre à surmonter leurs déceptions amoureuses La villa des coeurs brisés
50%
2006 Des artistes passent devant un jury pour présenter leur talent et une compétition s'en suit La France a un incroyable talent
46%
2012 Un chef d'entreprise se rend grimé dans celle-ci Patron incognito
41%
2021 De jeunes entrepreneurs cherchent un associé Qui veut être mon associé ?
39%
2004 2 mères de famille échangent leur vie pendant une semaine On a échangé nos mamans
38%
2010 Concours de cuisine ouvert aux amateurs Masterchef
37%
2011 L'émission filme le quotidien de maternités Baby Boom
36%
2022 50 joueurs issus de la téléréalité s'affrontent chaque jour sur un jeu Cinquante
33%
2016 Des couples sont formés sur la base de statistiques Mariés au premier regard
30%
2003 Un jeune homme, faux millionnaire, est courtisé par 20 candidates Greg le millionnaire
27%
2004 Une quinzaine de célébrités sont coupées du monde dans une ferme La ferme célébrités
24%
2020 Des candidats s'affrontent autour de constructions en Lego Lego Masters
19%
2010 Entre six et huit personnes doivent apprendre à se connaitre dans le noir L'amour est aveugle
18%
2004 24 adolescents découvrent le monde scolaire des années 50/60 Le Pensionnat
17%
2001 L'émission propose de suivre la formation d'un groupe musical des castings au premier concert Popstars
17%
2014 Des équipes s'affrontent lors d'un road trip Friend trip
16%
2014 5 familles s'affrontent lors d'épreuves en Polynésie Tahiti quest
16%
2005 Une candidate doit faire accepter par sa famille ce qu'elle croit être un candidat aux fiançailles qui est un acteur Mon incroyable fiancé
14%
2015 De piètres cuisiniers voient arriver Norbert Tarayre Norbert, commis d'office
14%
2015 Un groupe d'individus doit survivre sur une île déserte The Island
14%
2009 Ce télé-crochet cherche le talent musical du lendemain X Factor
12%
2015 Parmi les candidats se cache une taupe qui doit saboter le jeu Qui est la taupe ?
10%
2010 15 candidats sont enfermés dans un cube et placés face à des dilemmes Dilemme
8%
2011 7 jeunes gens aisés participent à des activités bénévoles tout en étant observés en permanence L'Ile des Vérités
8%
2013 Des célébrités s'affrontent dans un concours de plongeo Splash : le grand plongeon
8%
2003 12 jeunes originaires de 12 pays européens cohabitent sous l'oeil des caméras pendant deux mois et demi Nice People
7%
2003 Un jury de professionnels fait passer des castings puis des sélections à la recherche d'un nouvel artiste A la recherche de la nouvelle star
6%
2006 Des célébrités vivent en pleine jungle dans des conditions médiocres et participent à des épreuves Je suis une célébrité, sortez-moi de là !
6%
2005 L'émission a pour but de rechercher un mannequin pour remplacer Adriana Karembeu Top Model
6%
2009 24 candidats s'affrontent dans des épreuves loufoques Total wipeout
6%
2003 Un jeune homme séduisant et riche cherche l'amour parmi 20 candidates Bachelor, le gentleman célibataire
5%
2011 16 candidats, 8 anciens de la téléréalité et 8 anonymes sont enfermés ensemble Carré ViiiP
5%
2010 Cette émission est centrée sur le poker La maison du bluff
5%
2008 18 candidats tentent de se faire recruter par une agence de mannequins Génération mannequin
4%
2004 15 faux millionnaires courtisent une jeune femme Marjolaine et les Millionnaires
4%
2004 7 garçons et 7 filles passent 10 semaines sous les caméras Les Colocataires
3%
2016 Des sportifs s'affrontent sur un parcours d'obstacle Ninja warrior : le parcours des héros
3%
2001 3 équipes sont enfermées dans 3 appartements vides. Elles disposent d'un ordinateur et disputent des épreuves pour remporter du temps de connexion afin de se meubler Aventures sur le net
2%
2015 Une coiffeuse vient en aide à des coiffeurs en difficulté Cauchemar chez le coiffeur
2%
2013 4 grands patineurs s'affrontent dans une compétition avec pour partenaires des novices Ice Show
2%
2012 Des équipes voyagent pendant 28 jours, chaque soir l'une est éliminée Le Bus
2%
2004 9 couples doivent rebâtir entièrement une maison en deux mois Le Chantier
2%
2008 42 enfants participent à un concours de chant L'école des stars
2%
2006 14 candidats s'affrontent dans un univers médiéval Le Royaume
2%
2008 Des mamans célibataires cherchent l'amour Maman cherche l'amour
2%
2002 Sur un bateau 4 jeunes candidat(e)s doivent élire le séducteur ou la séductrice de l'année Opération séduction aux Caraïbes
2%
2005 12 célébrités passent 7 semaines dans un camp militaire Première compagnie
2%
2013 Concours de pâtisserie ouvert aux professionnels Qui sera le prochain grand pâtissier ?
2%
2011 Trois princes se rendent à Paris pour trouver l'amour Trois princes à Paris
2%
2012 Présenté comme le plus grand concours de danse de France You can dance
2%
2015 Sur une île déserte trois candidats font connaissance totalement nus Adam cherche Eve
1%
2008 5 célibataires sans argent sont laissés 3 jours et 2 nuits dans une ville, pour survivre ils doivent embrasser le plus de filles possible Cinq Frenchies à
1%
2011 5 familles s'affrontent pendant 20 jours dans la nature Familles d'explorateurs
1%
2016 Des jeunes gens vivent trois semaines dans les conditions du service des années 60 Garde à vous : retour au service militaire
1%
2004 Un vrai candidat est entouré de comédiens et espère gagner 40000 € Gloire et Fortune
1%
2015 Concours de coiffure Hair, le meilleur coiffeur
1%
2008 2 célébrités partent sur les routes à la découverte d'un pays sans argent La folle route
1%
2014 Des belles-mères préparent le mariage de leurs enfants La guerre des belles-mères
1%
2005 6 familles envoient leurs enfants dans un camp en pleine forêt Le camp des fortes têtes
1%
2008 Une jeune femme doit trouver lequel des 3 hommes avec lequel elle passe une journée est libre Libre, gay ou casé ?
1%
2009 Un(e) candidat(e) doit découvrir parmi trois personnes qui est le véritable célibataire Love and Bluff : qui de nous trois ?
1%
2015 Des candidats apprennent à gérer un foodtruck Mon foodtruck à la clé
1%
2009 Dix entreprises et corps de métiers s'affrontent avec la même arme : avoir dans leurs rangs les meilleurs chanteurs Pop job
1%
2004 5 experts homosexuels débarquent chez un hétérosexuel Queer, 5 experts dans le vent
1%
2015 On suit les enchères sur le contenu de garde-meubles abandonnés Storage wars France : Enchères surprises
1%
2015 Des candidats tentent de convaincre un patron The apprentice : qui décrochera le job ?
1%
2013 Un jury recherche le meilleur artiste The Best : le meilleur artiste
1%
2009 Des candidates passent un casting pour prendre part au clup de Sheryfa Luna U-dance, le défi
1%
2018 Des candidats doivent survivre sans eau ni nourriture Wild, la course de survie
1%
2011 Le but est d'améliorer les compétences des pires conducteurs de France Zéro de conduite
1%
Aucun quiz correspondant
Distribution des résultats
% des personnes avec chaque résultat
Percentile par nombre de réponses
Votre historique - résultats
Vous n’avez pas pris ce quiz